|
|
|
|
| LEADER |
00000cam a2200000 a 4500 |
| 001 |
vtls001080716 |
| 003 |
SK-MaSNL |
| 005 |
20260301000840.0 |
| 008 |
180815s1988 xo a f np 00000 slo |
| 015 |
|
|
|a SNBA1989/04
|
| 020 |
|
|
|a 8022500038
|
| 035 |
|
|
|a SNK000023553
|
| 040 |
|
|
|a SNK
|b slo
|c SNK
|e AACR2
|
| 041 |
0 |
|
|a slo
|
| 044 |
|
|
|a xo
|c SK
|
| 080 |
|
|
|a 51(075.8)(076.5)
|2 1981
|
| 100 |
1 |
|
|a Mojžišová, Elena,
|d 1938-
|4 aut
|9 39537
|
| 245 |
1 |
0 |
|a Zbierka úloh z matematiky
|n 2
|c Elena Mojžišová a kol.
|
| 250 |
|
|
|a 1. vyd.
|
| 260 |
|
|
|a Bratislava
|b Vysoká škola ekonomická
|c 1988
|e Nitra
|f Nitrianske tlačiarne
|
| 300 |
|
|
|a 422 s.
|b tb.
|c 29 cm
|
| 366 |
|
|
|e 1500 výtl.
|
| 500 |
|
|
|a Obsahuje bibliografiu
|
| 650 |
0 |
7 |
|a matematika
|2 SNKPH
|9 70174
|
| 655 |
|
7 |
|a učebnice vysokých škôl
|2 SNKPH
|9 70191
|
| 655 |
|
7 |
|a zbierky úloh
|2 SNKPH
|9 70562
|
| 700 |
1 |
|
|a Huťka, Vladimír,
|d 1936-
|4 aut
|9 109388
|
| 700 |
1 |
|
|a Eliáš, Jozef,
|d 1937-
|4 aut
|9 215592
|
| 700 |
1 |
|
|a Peller, František,
|d 1940-
|4 aut
|9 109389
|
| 919 |
|
|
|a 80-225-0003-8
|
| 958 |
|
|
|a OND
|
| 958 |
|
|
|a NB
|
| 958 |
|
|
|a TL
|
| 958 |
|
|
|a UV
|
| 999 |
|
|
|c 533652
|d 535582
|
| 952 |
|
|
|a SNK
|b SNK
|y VYP
|7 0
|p 17A0154729
|o snkSB 44686/2 D2
|i snkD 645/95
|8 1
|0 0
|1 0
|4 0
|d 1998-08-12
|l 0
|r 2004-12-31 00:00:00
|w 2026-02-23
|
| 952 |
|
|
|a SNK
|b SNK
|y VYP
|7 0
|p 17A0347508
|o snkSB 44686/2 D3
|i snkKSP 7093/2002
|0 0
|1 0
|4 0
|d 2002-06-06
|l 0
|r 2004-12-31 00:00:00
|w 2026-02-23
|
| 952 |
|
|
|a SNK
|b SNK
|y PREZ
|7 0
|p 17A0853221
|o snkSB 44686/2
|i snkKSP 2010/89
|0 0
|1 0
|4 0
|d 2012-07-10
|f 1
|l 0
|r 2026-02-23 12:15:51
|w 2026-02-23
|
| 952 |
|
|
|a SNK
|b SNK
|y VYP
|7 0
|p 17A0154679
|o snkSB 44686/2 D1
|i snkKSP 2011/89
|0 0
|1 0
|4 0
|d 1998-08-12
|l 0
|r 2004-12-31 00:00:00
|w 2026-02-23
|